Movies Quiz

Random Movies or Role Quiz

Movie Actor Loop Quiz Stats

 Plays Quiz Updated Jul 3, 2019

Score 0/20 Timer 10:00
1 Play Today
Question Answer Wrong Answers
Which actor was in Suicide Squad? ???
92.2%
???
1.9%
???
1.5%
???
4.3%
Which movie was Will Smith in? ???
92.1%
???
4.1%
???
1.4%
???
2.4%
Which actor was in Les Misérables? ???
91.9%
???
1.4%
???
1.5%
???
2.8%
Which movie was Helena Bonham Carter in? ???
88%
???
1.9%
???
3.7%
???
4.8%
Which movie was Anne Hathaway in? ???
87.3%
???
3.3%
???
1.5%
???
5.7%
Which actor was in Ali? ???
86%
???
2.6%
???
2.6%
???
3.6%
Which actress was in Fight Club? ???
78.2%
???
6.7%
???
6.4%
???
7.3%
Which actress' voice was in Ralph Breaks the Internet? ???
68.5%
???
6.7%
???
14%
???
6.2%
Which actress' voice was in Moana? ???
67.4%
???
7.3%
???
13.9%
???
7.3%
Which actress was in Alice in Wonderland? ???
58%
???
8%
???
14.1%
???
18.1%
Which actor's voice was in Missing Link? ???
54.4%
???
12.6%
???
11.9%
???
18.3%
Which movie was Sarah Silverman in? ???
50.9%
???
26.1%
???
8.5%
???
9.7%
Which actor was in Dinner for Schmucks? ???
50.8%
???
17.2%
???
6.3%
???
22.1%
Which movie was Zach Galifianakis in? ???
49.1%
???
23.6%
???
1.9%
???
22.2%
Which movie was Jared Leto in? ???
48.6%
???
7.3%
???
14.3%
???
29.2%
Which movie was Hugh Jackman's voice in? ???
45.6%
???
27.3%
???
15.4%
???
9.1%
Which actor cameoed in A Million Ways to Die in the West? ???
41.8%
???
8.1%
???
8.9%
???
36.2%
Which movie was Jemaine Clement's voice in? ???
39.4%
???
16.7%
???
16.5%
???
23.6%
Which movie was Jamie Foxx in? ???
33.8%
???
26.8%
???
15.8%
???
18.4%
Which movie was Auli'i Cravalho's voice in? ???
32.8%
???
18.9%
???
15.4%
???
28.5%

You're not logged in!

Compare scores with friends on all Sporcle quizzes.
OR
Log In

Sporcle TV

Today on Sporcle TV


Watch our educational content, quiz creation guides, and fun videos on Sporcle TV.

Show Comments

Extras

Top Quizzes Today


Score Distribution

Your Account Isn't Verified!

In order to create a playlist on Sporcle, you need to verify the email address you used during registration. Go to your Sporcle Settings to finish the process.

Report this User

Report this user for behavior that violates our Community Guidelines.

Details: